| 000 | 00468pab a2200169 454500 | ||
|---|---|---|---|
| 008 | 180718b2008 xxu||||| |||| 00| 0 eng d | ||
| 100 | _aAhmad, Shakeel | ||
| 245 | _aFunding to universities and colleges by the University Grants Commission during the 10th plan | ||
| 260 | _c2008 | ||
| 300 | _ap.9-12. | ||
| 362 | _a3 Mar | ||
| 650 | _aUniversity Grants Commission | ||
| 650 | _aEducational finance | ||
| 773 | _aUniversity News | ||
| 908 | _aN | ||
| 909 | _a77383 | ||
| 999 |
_c77383 _d77383 |
||